000 00535nam a2200181Ia 4500
005 20250423101028.0
008 250422s9999 xx 000 0 und d
020 _a9783031235924
050 _aTA 653 .I27/
100 _aMejia-Nava, Rosa-Adela. Ibrahimbegovic, Adnan
245 0 _aStructural Engineering: models and methods for statics instability and inelasticity
260 _aSwitzerland
260 _bSpringer
260 _c2023
300 _a532 p
650 _a- Structural Engineering - Elastic Analysis
942 _cBK
999 _c35065
_d35065